| 000 | 01250nam a22003494i 4500 | ||
|---|---|---|---|
| 999 |
_c64832 _d64832 |
||
| 001 | 20136022 | ||
| 003 | FPD | ||
| 005 | 20190222150510.0 | ||
| 008 | 890807r19891970nyu 000 0 eng | ||
| 020 |
_a0060611790 (pbk.) : _c$7.95 |
||
| 020 | _a9780060611798 | ||
| 040 |
_aDLC _cCO-MdFUSB _dFPD _bspa _erda |
||
| 041 | _aeng | ||
| 082 |
_223 _a G 248.4 _bB928 |
||
| 100 | 1 |
_aBuechner, Frederick, _d1926- _eautor |
|
| 245 | 0 | 4 |
_aThe alphabet of grace _c/ Frederick Buechner. |
| 264 | 1 |
_aNew York : _bHarperCollins Publishers, _c℗[1989] |
|
| 264 | 4 | _c©1970. | |
| 300 |
_aviii, 114 páginas _c: 21 cm. |
||
| 336 |
_2rdacontent _atexto _btxt |
||
| 337 |
_2rdamedia _asin mediación _bn |
||
| 338 |
_2rdacarrier _avolumen _bnc |
||
| 500 | _a"Originalmente impartido en la Universidad de Harvard como las conferencias de William Belden Noble, 1969" - T.p. verso. | ||
| 500 | _aPublicado originalmente: Nueva York: Seabury Press, 1970. | ||
| 504 | _aNotas de autor (página 113) | ||
| 505 | _aI. Guturales (6:45-7:30 a.m.) -- 2. Sibilantes (7:30-8:30 a.m.) - ausencia de vocales (8:30 a.m.-11 p.m.) | ||
| 563 | _aTapa rústica | ||
| 650 | 0 |
_919 _aVida cristiana |
|
| 942 | _cBK | ||